000
00229nam a2200097Ia 4500
001
709332
005
20250826162544.0
008
250824s9999 xx 000 0 und d
245
0
_a
MAGO
_c
AYLA ÇINAROĞLU
260
_b
TUDEM YAYINLARI
999
_c
709332
_d
709332